<?xml version="1.0" encoding="UTF-8"?>
<record
    xmlns:xsi="http://www.w3.org/2001/XMLSchema-instance"
    xsi:schemaLocation="http://www.loc.gov/MARC21/slim http://www.loc.gov/standards/marcxml/schema/MARC21slim.xsd"
    xmlns="http://www.loc.gov/MARC21/slim">

  <leader>01489nabaa22002177a 4500</leader>
  <datafield tag="999" ind1=" " ind2=" ">
    <subfield code="c">6180</subfield>
    <subfield code="d">6180</subfield>
  </datafield>
  <controlfield tag="003">OSt</controlfield>
  <controlfield tag="005">20260125000035.0</controlfield>
  <controlfield tag="008">190701b        xxu||||| |||| 00| 0 spa d</controlfield>
  <datafield tag="040" ind1=" " ind2=" ">
    <subfield code="c">PJ</subfield>
  </datafield>
  <datafield tag="100" ind1=" " ind2=" ">
    <subfield code="9">6922</subfield>
    <subfield code="a">Flores, &#xC1;lvaro Bautista </subfield>
  </datafield>
  <datafield tag="245" ind1="1" ind2="3">
    <subfield code="a">Las perspectivas del contrato de concesi&#xF3;n de obra p&#xFA;blica en la Rep&#xFA;blica Argentina /</subfield>
    <subfield code="c">&#xC1;lvaro Bautista Flores. </subfield>
  </datafield>
  <datafield tag="300" ind1=" " ind2=" ">
    <subfield code="a">p. 21-35</subfield>
  </datafield>
  <datafield tag="500" ind1=" " ind2=" ">
    <subfield code="a">Cita: TR LALEY AR/DOC/1653/2024 </subfield>
  </datafield>
  <datafield tag="505" ind1=" " ind2=" ">
    <subfield code="a">Sumario: I. Consideraciones iniciales.&#x2014; II. Lineamientos acerca del contrato de concesi&#xF3;n de obra p&#xFA;blica.&#x2014; III. Los principios aplicables al contrato de concesi&#xF3;n de obra p&#xFA;blica.&#x2014; IV. Las modalidades en el contrato de concesi&#xF3;n de obra p&#xFA;blica.&#x2014; V. La garant&#xED;a del financiamiento.&#x2014; VI. El procedimiento de selecci&#xF3;n, la iniciativa privada y el r&#xE9;gimen legal aplicable.&#x2014; VII. El contenido de la documentaci&#xF3;n contractual.&#x2014; VIII. El mantenimiento de la ecuaci&#xF3;n econ&#xF3;mico-financiera.&#x2014; IX. El tratamiento de la extinci&#xF3;n anticipada de la concesi&#xF3;n.&#x2014; X. Los mecanismos de resoluci&#xF3;n de conflictos.&#x2014; XI. Palabras finales. </subfield>
  </datafield>
  <datafield tag="505" ind1=" " ind2=" ">
    <subfield code="t">&#xBF;Te interesa el texto completo? Comunicate al correo: koha@justierradelfuego.gov.ar</subfield>
  </datafield>
  <datafield tag="650" ind1=" " ind2="0">
    <subfield code="9">211</subfield>
    <subfield code="a">DERECHO ADMINISTRATIVO</subfield>
  </datafield>
  <datafield tag="650" ind1=" " ind2="0">
    <subfield code="a">OBRAS PUBLICAS</subfield>
    <subfield code="9">1593</subfield>
  </datafield>
  <datafield tag="650" ind1=" " ind2="0">
    <subfield code="a">CONCESI&#xD3;N DE SERVICIO P&#xDA;BLICO</subfield>
    <subfield code="9">2981</subfield>
  </datafield>
  <datafield tag="773" ind1="0" ind2=" ">
    <subfield code="0">2842</subfield>
    <subfield code="9">3251</subfield>
    <subfield code="d">Buenos Aires : AbeledoPerrot, 2012-</subfield>
    <subfield code="o">DA121</subfield>
    <subfield code="t">Derecho administrativo. N&#xBA; 154 julio/agosto 2024</subfield>
    <subfield code="z">18510590</subfield>
  </datafield>
  <datafield tag="942" ind1=" " ind2=" ">
    <subfield code="2">udc</subfield>
    <subfield code="c">ANA</subfield>
  </datafield>
</record>
